Manual de publicaciones de la American Psychological Association / (Registro nro. 2674)

Detalles MARC
000 -LEADER
campo de control de longitud fija 02869namaa2200445 ua4500
001 - NÚMERO DE CONTROL
campo de control 2674
003 - IDENTIFICADOR DE NÚMERO DE CONTROL
campo de control gttocutb
005 - FECHA Y HORA DE LA ÚLTIMA TRANSACCIÓN
campo de control 20260203190600.0
007 - CAMPO FIJO DE DESCRIPCIÓN FÍSICA--INFORMACIÓN GENERAL
campo de control de longitud fija ta
008 - DATOS DE LONGITUD FIJA--INFORMACIÓN GENERAL
campo de control de longitud fija 260203e2021 mx adba| |||| 001 0 spa c
020 10 - NÚMERO INTERNACIONAL ESTÁNDAR DEL LIBRO
Número Internacional Estándar del Libro 9786074488562
040 1# - FUENTE DE CATALOGACIÓN
Centro catalogador/agencia de origen gttocutb
Lengua de catalogación spa
Centro/agencia transcriptor gttocutb
Centro/agencia modificador gttocutb
Normas de descripción rda
082 1# - NÚMERO DE LA CLASIFICACIÓN DECIMAL DEWEY
Número de clasificación 007.50294 M294:4
110 1# - ENTRADA PRINCIPAL--NOMBRE DE ENTIDAD CORPORATIVA
Nombre de entidad corporativa o nombre de jurisdicción como elemento de entrada American Psychological Association
Término indicativo de función/relación editor
245 1# - MENCIÓN DEL TÍTULO
Título Manual de publicaciones de la American Psychological Association /
Mención de responsabilidad, etc. Oriol Francisco Remolina Gallego (traductor).
Resto del título Publication Manual of the American Psychological Association (Seveth edition)
250 1# - MENCION DE EDICION
Mención de edición 4a. (en español)
260 1# - PUBLICACIÓN, DISTRIBUCIÓN, ETC.
Lugar de publicación, distribución, etc. México:
Nombre del editor, distribuidor, etc. Manual Moderno
Fecha de publicación, distribución, etc. 2021
264 1# - PRODUCCIÓN, PUBLICACIÓN, DISTRIBUCIÓN, FABRICACIÓN Y COPYRIGHT
Fecha de producción, publicación, distribución, fabricación o copyright © 2021
300 1# - DESCRIPCIÓN FÍSICA
Extensión 428 páginas :
Dimensiones 26 cm.
Otras características físicas Ilustraciones y gráficas en color.
336 1# - TIPO DE CONTENIDO
Fuente rdacontenido
Término de tipo de contenido texto
Código de tipo de contenido txt
337 1# - TIPO DE MEDIO
Fuente rdamedio
Nombre/término del tipo de medio sin mediación
Código del tipo de medio n
338 1# - TIPO DE SOPORTE
Fuente rdasoporte
Nombre/término del tipo de soporte volumen
Código del tipo de soporte nc
505 10 - NOTA DE CONTENIDO CON FORMATO
Título Contenido:
505 10 - NOTA DE CONTENIDO CON FORMATO
Información miscelánea 1. Principios de escritura y publicación académicas --
505 10 - NOTA DE CONTENIDO CON FORMATO
Información miscelánea 2. Elementos y formato de estilo --
505 10 - NOTA DE CONTENIDO CON FORMATO
Información miscelánea 3. Estándares de presentación para los artículos de revistas científicas (JARS) --
505 10 - NOTA DE CONTENIDO CON FORMATO
Información miscelánea 4. Estilo de escritura y gramática --
505 10 - NOTA DE CONTENIDO CON FORMATO
Información miscelánea 5. Lineamientos del lenguaje libre de sesgo --
505 10 - NOTA DE CONTENIDO CON FORMATO
Información miscelánea 6. Mecánica de estilo --
505 10 - NOTA DE CONTENIDO CON FORMATO
Información miscelánea 7. Tablas y figuras --
505 10 - NOTA DE CONTENIDO CON FORMATO
Información miscelánea 8. Obras acreditadas en el texto --
505 10 - NOTA DE CONTENIDO CON FORMATO
Información miscelánea 9. Lista de referencias --
505 10 - NOTA DE CONTENIDO CON FORMATO
Información miscelánea 10. Ejemplo de referencias --
505 10 - NOTA DE CONTENIDO CON FORMATO
Información miscelánea 11. Referencias jurídicas --
505 10 - NOTA DE CONTENIDO CON FORMATO
Información miscelánea 12. Proceso de publicación --
520 10 - RESUMEN, ETC.
Sumario, etc. El Manual de Publicaciones de la American Psychological Association, 4 ª edición ( 7 ª edición en inglés), es la fuente oficial del Estilo APA. Al vender millones de copias en todo el mundo en diferentes idiomas, este es el manual de estilo preferido por escritores, investigadores, editores, estudiantes y educadores en las ciencias sociales y del comportamiento, ciencias naturales, enfermería, comunicación, educación, negocios, ingeniería, entre otros campos. Reconocido como una autoridad por su sistema de referencias y citaciones fácil de usar, el Manual de Publicaciones también ofrece orientación para elegir los encabezados, tablas, figuras, lenguaje y tono que resultarán en una comunicación académica clara, concisa y elegante. Guía a los usuarios a lo largo del proceso de redacción académica, desde la ética de la autoría hasta la presentación de su investigación a través de la publicación. La cuarta edición es un recurso indispensable para que los estudiantes y profesionales logren la excelencia en la escritura y que sus obras provoquen un impacto.
521 ## - NOTA DE PÚBLICO DESTINATARIO
Nota de público destinatario Recomendado para docentes y estudiantes universitarios.
650 14 - PUNTO DE ACCESO ADICIONAL DE MATERIA--TÉRMINO DE MATERIA
Fuente del encabezamiento o término LEMB
Término de materia o nombre geográfico como elemento de entrada Redacción. Estilo. Citas. Referencias. Tablas. Figuras.
942 ## - ELEMENTOS DE ENTRADA SECUNDARIOS (KOHA)
Fuente de la clasificación o esquema de estantería Clasificación Decimal Dewey
Tipo de ítem Koha Libros
Suprimir en OPAC No
Edición 4a.
Existencias
Estatus retirado Estado de pérdida Fuente de la clasificación o esquema de estantería Estado de daño No para préstamo Biblioteca de origen Biblioteca actual Fecha de adquisición Fuente de adquisición Información codificada de la localización en otra ubicación Total de préstamos Signatura topográfica completa Código de barras Visto por última vez Precio de reemplazo Tipo de ítem Koha
    Clasificación Decimal Dewey     BIBLIOTECA CUNTOTO BIBLIOTECA CUNTOTO 11/11/2025 Donación DIGI, Campus Central 1601   070.50294 M294:4 978-607-448-856-2 03/02/2026 03/02/2026 Libros
    Clasificación Decimal Dewey     BIBLIOTECA CUNTOTO BIBLIOTECA CUNTOTO 11/11/2025 Donación DIGI, Campus Central 1601   070.50294 M294:4 c1   03/02/2026 03/02/2026 Libros